Top 7 Healthiest Breads - Statistics

General Stats
  • This quiz has been taken 47 times
  • The average score is 2 of 7
Answer Stats
Hint Answer % Correct
6 Sprouted Rye Bread
70%
2 Sourdough Bread
65%
3 Whole Wheat Bread
40%
1 Sprouted Whole Grain
38%
4 Oat Bread
15%
5 Flax Bread
3%
7 Gluten Free Bread
3%
No matching quizzes found
Score Distribution
Percent of People with Each Score
Percentile by Number Answered
Your Score History
You have not taken this quiz